| 000 | 00528cam a2200181 4500 | ||
|---|---|---|---|
| 001 | J111816 | ||
| 008 | 000000n 000 0 eng u | ||
| 035 | _a(Sirsi) u111816 | ||
| 110 |
_aConstruction Forecasting and Research Ltd. _91829 |
||
| 245 | _aFORESIGHT regional publications | ||
| 260 |
_aLondon _bConstruction Forecasting and Research |
||
| 300 | _aMultiple parts | ||
| 520 | _aEach part catalogued separately | ||
| 650 | _aCONSTRUCTION INDUSTRY | ||
| 650 | _aFORECASTS | ||
| 690 | _aBUILT ENVIRONMENT | ||
| 942 | _n0 | ||
| 999 |
_c101293 _d101293 |
||